ADVANCED INORGANIC CHEMISTRY (Record no. 5361)

MARC details
000 -LEADER
fixed length control field 00363nam a22001577a 4500
005 - DATE AND TIME OF LATEST TRANSACTION
control field 20170330120420.0
008 - FIXED-LENGTH DATA ELEMENTS--GENERAL INFORMATION
fixed length control field 170330b xxu||||| |||| 00| 0 eng d
020 ## - INTERNATIONAL STANDARD BOOK NUMBER
ISBN 81-219-0263-0
041 ## - LANGUAGE CODE
Language code of text/sound track or separate title eng
100 ## - MAIN ENTRY--AUTHOR NAME
Personal name PRAKSH,SATYA
245 ## - TITLE STATEMENT
Title ADVANCED INORGANIC CHEMISTRY
260 ## - PUBLICATION, DISTRIBUTION, ETC. (IMPRINT)
Name of publisher S CHAND
300 ## - PHYSICAL DESCRIPTION
Number of Pages 1391
650 ## - SUBJECT ADDED ENTRY--TOPICAL TERM
Topical Term ENGINEERING
942 ## - ADDED ENTRY ELEMENTS (KOHA)
Koha item type Books
Holdings
Lost status Damaged status Home library Current library Shelving location Date acquired Source of acquisition Cost, normal purchase price Accession Number Koha item type
    JRU Library   SHELF-6-C 29/03/2017 PURCHASE 650.00 21542 Books